| 000 | 00354nam a22001577a 4500 | ||
|---|---|---|---|
| 003 | SGT | ||
| 020 | _a978-81-312-4867-6 | ||
| 082 |
_a611 _bG17D |
||
| 100 | _aDRAKE, RICHARD L. | ||
| 245 | _aGRAY'S ANATOMY FOR STUDENTS | ||
| 250 | _a1ST S.A. EDITION | ||
| 260 |
_aINDIA _bELSEVIER _c2017 |
||
| 300 | _a1264 | ||
| 650 | _aANATOMY | ||
| 942 |
_2ddc _cBK |
||
| 999 |
_c16948 _d16948 |
||